000 00982nam a2200217 a 4500
001 000407404
003 AM-YeHGA
005 20250618072411.0
008 050203s1861 au r 000 0 arm d
040 _aAM-YeHGA
041 0 _aarm
100 1 _aԳաֆթանճյան, Եղիշե,
_d1828-1913
245 1 0 _aԲովանդակութիւն գիտութեանց եւ արուեստից, որ է բնական, բարոյական, պատմական, ուսումնական ու արուեստական գիտելեաց համառօտ նկարագիրը /
_cԱշախատասիր.՝ Հ. Եղիշէ Վ. Գաֆտանճեան Մխիթ. ուխտէն.
260 _aՎիէննա :
_bտպ. Մխիթարեանց,
_c1861.
300 _a190 էջ ;
_c17 սմ.
650 1 4 _aԳիտություն
_94659
650 1 4 _aԱրվեստ
856 4 1 _uhttp://greenstone.flib.sci.am/gsdl/collect/haygirq/book/bovandakutyun_gitutyanc.pdf
_yԿարդալ առցանց
942 _2udc
_cBK
090 _c156241
999 _c154843
_d154843